Normal view
MARC view
- TOMOGRAPHY- INDUSTRIAL APPLICATIONS. IMAGE PRECESSING -INDUSTRIAL APPLICATIONS
Entry Topical Term
001 - CONTROL NUMBER
- control field: 59219
003 - CONTROL NUMBER IDENTIFIER
- control field: NUST
005 - DATE AND TIME OF LATEST TRANSACTION
- control field: 20210628202311.0
008 - FIXED-LENGTH DATA ELEMENTS
- fixed length control field: 210628|| aca||aabn | a|a d
040 ## - CATALOGING SOURCE
- Original cataloging agency: NUST
- Transcribing agency: NUST
150 ## - HEADING--TOPICAL TERM
- Topical term or geographic name entry element: TOMOGRAPHY- INDUSTRIAL APPLICATIONS. IMAGE PRECESSING -INDUSTRIAL APPLICATIONS
670 ## - SOURCE DATA FOUND
- Source citation: Work cat.: (NUST): Scott , David. M ,Mccann , Hugh 59218, Process imaging for automatic control, 2005
